| 000 | 00758nam a22001935i 4500 | ||
|---|---|---|---|
| 001 | 166464 | ||
| 003 | ES-MaACL | ||
| 005 | 20230906213336.0 | ||
| 008 | 981002s1894 sp |||| | spa d | ||
| 040 |
_aGA _bspa _cCCPB | 3D |
||
| 100 | 1 |
_aTorre y Sánchez Somoza, Casimiro. _9133309 |
|
| 245 | 1 | 0 |
_aProfilaxis de la viruela _b: vacuna / _ctesis de doctorado por Casimiro de Torre S. Somoza. |
| 260 |
_aSantiago : _b[s.n.], _c1884 ( _fEstab. tip. de José M. Paredes) |
||
| 300 |
_a31 p. ; _c24 cm. |
||
| 500 | 1 | _aTesis-Universidade de Santiago de Compostela. | |
| 594 | 1 | _aPrecede al tit. : Facultad de Medicina. | |
| 650 | 4 |
_aViruela. _9136988 |
|
| 852 |
_aES-MaACL _jT-836-F-1 _z-- Enc. hol., conservando la cub. original _z-- Enc. en un vol. facticio |
||
| 999 |
_c166464 _d166464 |
||